Statistics for 日本の高等専門学校

Click here to take the quiz!

General Stats

  • This quiz has been taken 74 times
  • The average score is 24 of 57

Answer Stats

高専名% Correct
仙台高等専門学校
80%
東京工業高等専門学校
62%
福島工業高等専門学校
62%
函館工業高等専門学校
61%
八戸工業高等専門学校
61%
秋田工業高等専門学校
57%
熊本高等専門学校
57%
旭川工業高等専門学校
57%
釧路工業高等専門学校
57%
富山高等専門学校
54%
松江工業高等専門学校
52%
苫小牧工業高等専門学校
52%
福井工業高等専門学校
52%
長野工業高等専門学校
52%
鹿児島工業高等専門学校
51%
大分工業高等専門学校
51%
木更津工業高等専門学校
51%
長岡工業高等専門学校
51%
一関工業高等専門学校
49%
岐阜工業高等専門学校
49%
群馬工業高等専門学校
49%
和歌山工業高等専門学校
49%
奈良工業高等専門学校
49%
沖縄工業高等専門学校
48%
高知工業高等専門学校
46%
北九州工業高等専門学校
46%
小山工業高等専門学校
46%
茨城工業高等専門学校
44%
佐世保工業高等専門学校
44%
香川高等専門学校
44%
石川工業高等専門学校
43%
沼津工業高等専門学校
43%
明石工業高等専門学校
43%
都城工業高等専門学校
43%
呉工業高等専門学校
41%
舞鶴工業高等専門学校
39%
鶴岡工業高等専門学校
39%
豊田工業高等専門学校
39%
サレジオ工業高等専門学校
39%
米子工業高等専門学校
38%
宇部工業高等専門学校
38%
鈴鹿工業高等専門学校
36%
久留米工業高等専門学校
34%
鳥羽商船高等専門学校
33%
近畿大学工業高等専門学校
31%
新居浜工業高等専門学校
30%
弓削商船高等専門学校
28%
大島商船高等専門学校
28%
津山工業高等専門学校
28%
神戸市立工業高等専門学校
26%
徳山工業高等専門学校
26%
阿南工業高等専門学校
23%
広島商船高等専門学校
21%
国際高等専門学校
21%
有明工業高等専門学校
18%
東京都立産業技術高等専門学校
18%
大阪公立大学工業高等専門学校
11%

Score Distribution

Percentile by Number Answered

Percent of People with Each Score

Your Score History

You have not taken this quiz